|
|
|
|
| LEADER |
00647cam a2200181 7i4500 |
| 001 |
0000027254 |
| 005 |
20150616090000.0 |
| 090 |
0 |
0 |
|a MORC 658.834
|b CON
|
| 245 |
0 |
0 |
|a Consumer lifestyles - Morocco :
|b June 2011.
|
| 260 |
0 |
0 |
|a London Ib Euromonitor International,
|c 2011.
|
| 300 |
# |
# |
|a 63p.
|
| 440 |
0 |
0 |
|a Consumer lifestyles : 2011
|
| 650 |
0 |
0 |
|a Consumer behaviour --
|x Markets --
|z Morocco
|
| 650 |
0 |
0 |
|a Consumer --
|x Research --
|z Morocco
|
| 650 |
0 |
0 |
|a Consumer lifestyles --
|x Markets --
|z Morocco
|
| 651 |
0 |
0 |
|a Morocco
|
| 999 |
|
|
|a B000029588
|b Book
|c Services
|e Business Information Centre
|
| 999 |
|
|
|a 0000029588
|b Book
|c Countries
|e Business Information Centre
|